000 00631nam a22001937a 4500
005 20251108170713.0
008 250721s9999 xx 000 0 ara d
082 1 4 _aط/ 2118/هيب
100 1 _aهيبة، رزق
245 1 0 _aوجاوزنا ببني إسرائيل البحر /
264 1 _a[القاهرة] :
_bدار الفكر العربي،
_c[19-].
300 _a24ص.
490 0 _aأطفالنا في رحاب القرآن الكريم : آيات و قصة
_v56
650 1 7 _aاليهود
650 1 7 _aقصص القرآن
653 _aناشئون صغار (10-14 سنة)
942 _2ddc
_cBK
999 _c47024
_d47024